50 Biggest Places In Michigan - Statistics

General Stats
  • This quiz has been taken 18 times
  • The average score is 24 of 50
Answer Stats
First Letter County(s) Population Answer % Correct
D Wayne 629,830 Detroit
100%
L Eaton 111,814 Lansing
100%
A Washtenaw 116,561 Ann Arbor
94%
F Genesee 78,693 Flint
94%
K Kalamazoo 72,868 Kalamazoo
94%
S Saginaw 42,567 Saginaw
94%
S Saginaw 40,702 Saginaw
94%
G Kent 195,208 Grand Rapids
88%
D Wayne 103,271 Dearborn
75%
P Oakland 61,597 Pontiac
75%
W Macomb 135,010 Warren
75%
M Midland 42,761 Midland
69%
M Muskegon 37,165 Muskegon
69%
S Macomb 132,804 Sterling Heights
69%
F Oakland 81,694 Farmington Hills
63%
M Macomb 93,707 Macomb
63%
R Oakland 75,918 Rochester Hills
63%
D Wayne 59,389 Dearborn Heights
56%
E Ingham 49,088 East Lansing
56%
L Wayne 90,148 Livonia
56%
N Oakland 66,416 Novi
56%
S Oakland 75,217 Southfield
56%
B Calhoun 51,855 Battle Creek
50%
K Kent 53,793 Kentwood
50%
T Oakland 87,503 Troy
50%
W Kent 77,912 Wyoming
50%
Y Washtenaw 53,955 Ypsilanti
50%
C Macomb 99,191 Clinton
44%
W Wayne 80,844 Westland
44%
C Wayne 98,075 Canton
38%
G Genesee 40,070 Grand Blanc
38%
T Wayne 59,936 Taylor
38%
P Kalamazoo 49,528 Portage
31%
R Oakland 57,060 Royal Oak
31%
S Macomb 56,755 St. Clair Shores
31%
B Oakland 43,496 Bloomfield
25%
H Ottawa 40,367 Holland
25%
S Macomb 80,504 Shelby
25%
C Macomb 45,565 Chesterfield
19%
R Wayne 46,617 Redford
19%
R Macomb 46,042 Roseville
19%
W Oakland 68,798 Waterford
19%
W Oakland 64,753 West Bloomfield
19%
C Oakland 43,706 Commerce
13%
I Oakland 37,589 Independence
13%
L Wayne 37,668 Lincoln Park
13%
M Ingham 44,174 Meridian
13%
G Ottawa 55,573 Georgetown
6%
O Oakland 38,731 Orion
6%
P Washtenaw 39,258 Pittsfield
6%
No matching quizzes found
Score Distribution
Percent of People with Each Score
Percentile by Number Answered
Your Score History
You have not taken this quiz